000 00492nmm a2200169Ia 4500
008 251105s9999||||xx |||||||||||||||||und||
020 _a9788495839947
041 _aspa
100 _aMillás, Lola
245 0 _aAgustín González :
_b entre la conversación y la memoria
264 _a[Madrid, España] :
_bOcho y Medio,
_c2005
300 _a286 páginas
490 _aCautivos del mal
650 _aFilm studies
856 _uhttps://public.digitaliapublishing.com/a/305
942 _cCF
999 _c89684
_d89684